• 首页
  • 本馆介绍
  • 公告通知
  • 最新文献
  • 馆藏检索
  • 电子资源
  • 读者导购
  • 参考咨询
  • 我的图书馆
  • 登录
  • 详细信息显示
  • 放入我的书架
  • 预约/预借图书
  • 作者相关作品
  • 分类相关作品
  • 丛书相关作品
  • 出版社相关作品

书目信息

  • 表格格式
  • 工作单格式
  • 卡片格式
题名:
现代密码学
    
 
作者: 杨波 编著
分册:  
出版信息: 北京   清华大学出版社  2017.7
页数: 13,303页
开本: 26cm
丛书名: 网络空间安全重点规划丛书
单 册:
中图分类: TN918.1
科图分类:
主题词: 密码学--高等教育--教材
电子资源:
ISBN: 978-7-302-46555-3
000 01063nam 2200289 450
001 0400003505
005 20171025151504.40
010    @a978-7-302-46555-3@dCNY49.50
100    @a20170802e2017 em y0chiy50 ea
101 0  @achi
102    @aCN@b110000
105    @ay z 000yy
106    @ar
200 1  @a现代密码学@9xian dai mi ma xue@f杨波编著
205    @a第4版
210    @a北京@c清华大学出版社@d2017.7
215    @a13,303页@d26cm
225 1  @a网络空间安全重点规划丛书
300    @a普通高等教育“十一五”国家级规划教材 首届中国大学出版社图书奖 中央网信办暨教育部评选的国家网络安全优秀教材奖
330    @a本书分10章,第1章引言介绍现代密码学的基本概念,其余各章包括流密码、分组密码、公钥密码、密钥分配与密钥管理、消息认证和杂凑算法、数字签字和密码协议、网络加密与认证等内容。
461  0 @12001 @a网络空间安全重点规划丛书
510 1  @aCyberspace security@zeng
606 0  @a密码学@x高等教育@j教材
690    @aTN918.1@v5
701  0 @a杨波@9yang bo@c(信息安全)@4编著
801  0 @aCN@b91MARC@c20171022
905    @b1022790-4@dTN918.1@f5@e150=4
    
    现代密码学/杨波编著.-第4版.-北京:清华大学出版社,2017.7
    13,303页;26cm.-(网络空间安全重点规划丛书)
    普通高等教育“十一五”国家级规划教材 首届中国大学出版社图书奖 中央网信办暨教育部评选的国家网络安全优秀教材奖
    
    ISBN 978-7-302-46555-3:CNY49.50
    本书分10章,第1章引言介绍现代密码学的基本概念,其余各章包括流密码、分组密码、公钥密码、密钥分配与密钥管理、消息认证和杂凑算法、数字签字和密码协议、网络加密与认证等内容。
●
相关链接 在E读中查询图书 在五车中查询图书 在当当中查询图书 在豆瓣中查询图书


正题名:现代密码学     索取号:TN918.1/150=4         预约/预借

序号 登录号 条形码 馆藏地/架位号 状态 备注
1 1022790   210227903   第二样本阅览室/ [索取号:TN918.1/150=4] 在馆    
2 1022791   210227912   密集书库-物理学院/ [索取号:TN918.1/150=4] 在馆    
3 1022792   210227921   第三借阅区/ [索取号:TN918.1/150=4] 在馆    
4 1022793   210227930   第三借阅区/ [索取号:TN918.1/150=4] 在馆    
5 1022794   210227949   第三借阅区/ [索取号:TN918.1/150=4] 在馆    
唐山师范学院图书馆 欢迎您!
大连网信软件有限公司© 版权所有